000 00395nam a2200145 i 4500
001 bg
100 1 _aSZCZOTKA, Franciszek
245 0 _aElementarne metody statystyki i ich zastosowania w naukach o wychowaniu fizycznym /
_cFranciszek Szczotka.
250 _aWyd.3.
260 _aWarszawa,
_c1968.
040 _cBPK
041 _apol
942 _cKS
008 s pl f |000 0 pol
999 _c7425
_d7425
856 _uhttp://koha.tu.koszalin.pl/cgi-bin/koha/opac-detail.pl?biblionumber=7425
_yKatalog online BPK